01729cam a22003614i 4500003000900000005001700009008004100026020001500067035002700082040003300109082001700142100003900159245004800198264007700246300003800323336002100361337002500382338002300407504002800430505079200458526001001250526001001260526001001270526001001280526000801290526000801298526000801306526000801314526000801322526000801330526000801338650002101346PE-LiUPU20250731173130.0150623s r 000 0 d a0802817939 a(Sirsi) i9780802817938 aPE-LiUPUbspacPE-LiUPUerda04a241bT472211 aThielicke, Helmut,d1908-,eautor.10aTheological ethics.n3 /cHelmut Thielicke. 1aGrand Rapids, Michigan :bWilliam B. Eerdmans Publishing Company,c1979. a338 páginas ;c21 centímetros atext2rdacontent aunmediated2rdamedia avolume2rdacarrier aIncluye bibliografía.0 aEros and agape. Theological phenomenology of the human sex relationship: The problem: the interconnection of bios and person in the realm of eros. the libido, animal and human. the realization of the sex nature.- The order of marriage: the biblical interpretation of marriage. The sacramental and the "worldly" interpretations of marriage, controversial theological considerations. The changed position of woman in the family and in society (the problem of the equality of the sexes). Divorce and the remarriage of divorced persons.- Borderline situations: Birth control (the problem of optional sterility). Interruption of pregnancy (the problem of artificial abortion). Atificial insemination. The problem of homosexuality.- Conclusion: Historical changes in our understanding of eros. aSEG42 aSEG41 aSEG40 aSEG39 aP94 aP87 aP86 aP85 aP77 aP76 aP3514aEtica cristiana.